| 000 | 00449nam a22001217a 4500 | ||
|---|---|---|---|
| 082 | _a220 PRO | ||
| 100 |
_aNC Muhammad Adil GC Salman Azmat GC Shahram Afgun _971257 |
||
| 245 | _aPR-SOF-1751-Modification in Firing Mechanism & Control Hardware of Target Engagement UGV | ||
| 260 |
_aISLAMABAD _bNUST COLLEGE OF EME _c2018 |
||
| 650 |
_a DE-ELECT-36 DECLASS _971258 |
||
| 700 |
_aProject Supervisors l Nasir Rashid Umer Masood _971259 |
||
| 942 | _cCR | ||
| 999 |
_c577877 _d577877 |
||